| 000 | 00706cam a22002172 4500 | ||
|---|---|---|---|
| 001 | 0000012601 | ||
| 005 | 20151217160128.0 | ||
| 008 | 090223s xx 000 0 eng d | ||
| 020 | _a032801981x | ||
| 040 |
_aKABU _cKABU |
||
| 245 | 1 | 0 |
_aScott Foresman reading : _bSeeing is believing / _cPeter Afflerbach ...[et al.] |
| 250 | _a1st ed. | ||
| 260 |
_aGlenview, IL. : _bScott Foresman, _c2002. |
||
| 300 | _a736 p. | ||
| 650 | 0 |
_aReaders (Elementary) _@0000057907 |
|
| 700 | 1 |
_aAfflerbach, Peter. _@0000169459 |
|
| 852 | 1 | _9p500 KES | |
| 852 | 1 | _9p500 KES | |
| 908 | _a090223 | ||
| 950 | _@1 | ||
| 999 |
_c14682 _d14682 |
||